<?xml version="1.0" encoding="UTF-8"?>
<marc:record xmlns:marc="http://www.loc.gov/MARC21/slim">
   <marc:leader>00000nam a2200000 a 4500</marc:leader>
   <marc:datafield ind1="1" ind2=" " tag="100">
      <marc:subfield code="a">Villain, Christophe</marc:subfield>
      <marc:subfield code="4">aut</marc:subfield>
      <marc:subfield code="e">Verfasser/-in</marc:subfield>
   </marc:datafield>
   <marc:datafield ind1="0" ind2="0" tag="245">
      <marc:subfield code="a">Sandrine Perrot: Die Tote vom Mont-Saint-Michel</marc:subfield>
   </marc:datafield>
   <marc:datafield ind1="0" ind2="0" tag="245">
      <marc:subfield code="b">Ein Frankreich-Krimi</marc:subfield>
   </marc:datafield>
   <marc:datafield ind1="0" ind2="0" tag="245">
      <marc:subfield code="c">Christophe Villain</marc:subfield>
   </marc:datafield>
   <marc:datafield ind1=" " ind2="1" tag="264">
      <marc:subfield code="b">tolino media</marc:subfield>
      <marc:subfield code="c">2021</marc:subfield>
   </marc:datafield>
   <marc:datafield ind1="1" ind2=" " tag="520">
      <marc:subfield code="a">Angaben aus der Verlagsmeldung

Sandrine Perrot: Die Tote vom Mont-Saint-Michel : Ein Frankreich-Krimi / von Christophe Villain

Eine Tote, die von allen geliebt wurde. Anstatt einen angenehmen Tag mit Léon an der Küste und in Le Mont-Saint-Michel zu verbringen, wird Sandrine Perrot zu einem tödlichen Verkehrsunfall am Jachthafen von Saint-Malo gerufen. Der Tod der Fahrerin geht ihr persönlich nahe, da sie die Frau erst kurz zuvor kennengelernt hatte. Im Laufe der Spurensicherung wird ihr klar, dass mehr hinter dem vermeintlichen Unfall steckt, als sie auf den ersten Blick vermutete. Ihre Ermittlungen führen sie in das Umfeld einer bekannten Familie in Le Mont-Saint-Michel, die von alten Traditionen, aber auch vom Konflikt zwischen den Geschwistern geprägt ist. Ein weiterer Mensch verschwindet bald darauf spurlos. Wollte er sich einem Verhör entziehen oder wurde ein unliebsamer Zeuge zum Schweigen gebracht? Auch die Zusammenarbeit mit den Behörden in der Normandie und das unerwartete Auftauchen eines alten Bekannten erschweren ihre Arbeit.
</marc:subfield>
   </marc:datafield>
   <marc:datafield ind1=" " ind2=" " tag="020">
      <marc:subfield code="a">9783754629239</marc:subfield>
      <marc:subfield code="9">9783754629239</marc:subfield>
   </marc:datafield>
   <marc:datafield ind1=" " ind2=" " tag="020">
      <marc:subfield code="a">3754629239</marc:subfield>
      <marc:subfield code="9">3754629239</marc:subfield>
   </marc:datafield>
   <marc:datafield ind1=" " ind2=" " tag="300">
      <marc:subfield code="a">252 Seiten</marc:subfield>
   </marc:datafield>
</marc:record>
